|
|
|
|
| LEADER |
00000nab a2200000 a 4500 |
| 001 |
vtls008704068 |
| 003 |
SK-MaSNL |
| 005 |
20260303074151.0 |
| 008 |
140515c2006 xo wr|p|||||||000 b|slo |
| 015 |
|
|
|a SNBRB2006/05
|2 snkbucl
|
| 040 |
|
|
|a SNKBUCL
|b slo
|c SNKBUCL
|e AACR2
|
| 041 |
0 |
|
|a slo
|
| 044 |
|
|
|a xo
|c SK
|
| 080 |
|
|
|a 75.071.1
|2 2001
|
| 080 |
|
|
|a 76.071.1
|2 2001
|
| 080 |
|
|
|a 929 Kalný, Igor
|2 2001
|
| 100 |
1 |
|
|a Olič, Jiří,
|d 1947-
|4 aut
|9 85877
|
| 245 |
1 |
0 |
|a Kalného úvod do ticha
|c Jiří Olič
|
| 300 |
|
|
|b Obr.
|
| 600 |
1 |
7 |
|a Kalný, Igor,
|d 1957-1987
|2 snkbucl
|9 13789
|
| 773 |
0 |
|
|t Týždeň
|g Roč. III, č. 19 (2006), s. 64-65
|x 1336-5932
|
| 852 |
|
|
|a SNK
|b KIS3GCP
|
| 958 |
|
|
|a SK
|
| 958 |
|
|
|a BC
|
| 999 |
|
|
|c 1770521
|d 1772451
|